000
00335nam a2200145Ia 4500
005
20251222152033.0
008
251222s9999||||xx |||||||||||||| ||spa||
020
_a
9788467240580
082
_a
833.92/S14
100
_a
Safier, David
245
0
_a
Maldito Karma
250
_a
1ra.ed.
264
_b
CĂrculo de Lectores
942
_c
LIB
999
_c
25744
_d
25744